Statistiques concernant Les 10 plus grands pays d'Asie

Cliquez ici pour prendre le quiz!

Statistiques générales

  • Ce quiz a été pris 155 fois
  • Le résultat moyen est 7 sur 10

Statistiques - réponses

Taille en km²Pays% Correct
9 596 960Chine
99%
13 130 000Russie
99%
3 287 590Inde
95%
2 717 300Kazakhstan
82%
2 149 690Arabie Saoudite
69%
1 648 195Iran
67%
1 564 110Mongolie
67%
1 484 029Indonésie
60%
881 912Pakistan
58%
736 034Turquie
52%

Distribution des résultats

Percentile par nombre de réponses

% des personnes avec chaque résultat

Votre développement - résultats

Vous n’avez pas pris ce quiz